[Event "Belgrade-chT Quality"]
[Site "Belgrade"]
[Date "2008.11.01"]
[Round "1"]
[White "Jojic, Mihailo"]
[Black "Stankovic, Milos"]
[Result "0-1"]
[WhiteElo "2231"]
[BlackElo "2248"]
[PlyCount "58"]
[EventDate "2008.11.01"]
[EventType "team-swiss"]
[EventRounds "11"]
[EventCountry "YUG"]
[SourceTitle "CBM 127 Extra"]
[Source "ChessBase"]
[SourceDate "2009.01.08"]
[SourceVersion "2"]
[SourceVersionDate "2009.01.28"]
[SourceQuality "1"]

1. d4 Nf6 2. Nf3 e6 3. Bg5 c5 4. e3 b6 5. c3 Bb7 6. Nbd2 Be7 7. Bd3 cxd4 8. exd4 Nc6 9. 0-0 0-0 10. Re1 Nd5 11. Bxe7 Ncxe7 12. Rc1 f5 13. Ne5 Nf4 14. Bf1 Neg6 15. Ndf3 Rf6 16. g3 Nxe5 17. Nxe5 Rh6 18. Nf3 Qe8 19. c4 Qh5 20. d5 g5 21. Rc3 Ng6 22. Bg2 g4 23. Ne5 Nxe5 24. Rxe5 d6 25. Re1 Qxh2+ 26. Kf1 Rf8 27. Qa4 f4 28. c5 fxg3 29. f4 gxf3 0-1